| 000 | 00745nam a22001577a 4500 | ||
|---|---|---|---|
| 003 | OSt | ||
| 005 | 20151106095140.0 | ||
| 008 | 151106b xxu||||| |||| 00| 0 eng d | ||
| 040 | _cRUA | ||
| 082 | _aFOR KOY 1997 B124 Or.1 | ||
| 100 |
_93436 _aKOY, RA. |
||
| 245 | _athe study on illegal logging allong western border in kohkong province (ការសិក្សាអំពីបញ្ហាធ្វើអាជីវកម្មឈើហ៊ុបមូលដោយអំពើអណាធិបតេយ្យនៅតាមតំបន់ព្រំប្រទល់ប្រទេសខាងលិចក្នុងខេត្តកោះកុង | ||
| 260 |
_aPhnom Penh _bRUA _c1997 |
||
| 300 |
_a57p. _bill. _c29cm. |
||
| 942 |
_2ddc _cFOR |
||
| 999 |
_c3205 _d3205 |
||